000 00280nam a2200121Ia 4500
008 190216s9999||||xx |||||||||||||| ||und||
100 _aVincent W Cochrane
245 0 _aPhysiology Of Fungi
260 _bJohn Wiley & Sons
_c1958
300 _a524p
650 _aBotany
942 _cBK
999 _c1171
_d1171